Состав нефтей Русского месторождения как отражение условий его формирования; Происхождение нефти и газа, их миграция и закономерности образования и размещения нефтяных и газовых залежей; Ч. 2: Нефтегазоносные провинции СССР и некоторых зарубежных стран

Dades bibliogràfiques
Parent link:Происхождение нефти и газа, их миграция и закономерности образования и размещения нефтяных и газовых залежей: тезисы докладов республиканского совещания, Львов, апрель 1981 г./ Академия наук Украинской ССР (АН УССР), Институт геологии и геохимии горючих ископаемых ; Украинский научно-исследовательский геологоразведочный институт.— : [Б. и.], 1981
Ч. 2: Нефтегазоносные провинции СССР и некоторых зарубежных стран.— 1981.— С. 232-233
Autor principal: Гончаров И. В. Иван Васильевич
Altres autors: Звездова И. Г., Шаламова Л. М.
Idioma:rus
Publicat: 1981
Matèries:
Format: MixedMaterials Capítol de llibre
KOHA link:https://koha.lib.tpu.ru/cgi-bin/koha/opac-detail.pl?biblionumber=225003

MARC

LEADER 00000naa2a2200000 4500
001 225003
005 20240723142902.0
035 |a (RuTPU)RU\TPU\book\245331 
090 |a 225003 
100 |a 20121101d1981 k y0rusy50 ca 
101 0 |a rus 
102 |a RU 
200 1 |a Состав нефтей Русского месторождения как отражение условий его формирования  |f И. В. Гончаров, И. Г. Звездова, Л. М. Шаламова 
461 0 |0 (RuTPU)RU\TPU\book\239951  |t Происхождение нефти и газа, их миграция и закономерности образования и размещения нефтяных и газовых залежей  |o тезисы докладов республиканского совещания, Львов, апрель 1981 г.  |f Академия наук Украинской ССР (АН УССР), Институт геологии и геохимии горючих ископаемых ; Украинский научно-исследовательский геологоразведочный институт  |n [Б. и.]  |d 1981 
463 0 |0 (RuTPU)RU\TPU\book\239979  |t Ч. 2: Нефтегазоносные провинции СССР и некоторых зарубежных стран  |v С. 232-233  |d 1981  |p 260 с. 
610 1 |a труды учёных ТПУ 
700 1 |a Гончаров  |b И. В.  |c геолог  |c профессор Томского политехнического университета, доктор геолого-минералогических наук  |f 1947-  |g Иван Васильевич  |3 (RuTPU)RU\TPU\pers\21956  |9 9275 
701 1 |a Звездова  |b И. Г. 
701 1 |a Шаламова  |b Л. М. 
801 1 |a RU  |b 63413507  |c 20121101 
942 |c BK